00768cam a22002295a 45000010009000000050017000090080041000260100017000670200018000840400013001020420008001150820014001232450084001372600033002212630009002543000022002636510033002859060045003189420012003639990017003759520146003921735709820170105102347.0120622s2012 nyu 000 0 eng  a 2012942717 a9783642316913 aDLCcDLC apcc a621.3841300aAnalysis and transceiver design for the mimo broadcast channelbRaphael Hunger aNew York :bSpringer,c2012. a1206 ax, 320p. :c24 cm 2Radio--Transmitter-receivers a0bibccorignewd2eepcnf20gy-gencatlg 2ddccBK c11738d11738 001040708NFICaCLbCLcGENd2013-04-09eProgressive International Agenciesg9313.09l0o621.38413pSEECS012209r2013-04-16w2013-04-16yBK